Horehronie ; Okolie Žiliny

Bibliographic Details
Corporate Author: SHOCart (Zádveřice-Raková, Česko) (Author)
Format: Map
Language:Slovak
Published: [Zádveřice-Raková] SHOCart [2021]
Subjects:

MARC

LEADER 00000nem a2200000 4500
001 vtls012196774
003 SK-MaSNL
005 20260301192346.0
007 aj canzn
008 230227s2021 xr abfc a 00 slo
034 0 |a a 
040 |a SNK  |b slo  |c SNK  |e rda 
041 0 |a slo 
043 |a e-xo--- 
044 |a xr  |c CZ 
072 7 |a 913(437)  |x Geografia Česka a Slovenska, reálie, cestovanie  |2 konspekt 
072 7 |a 912  |x Mapy. Atlasy  |2 konspekt 
080 |a 796.61  |2 2011 
080 |a (084.3)796.61  |2 2011 
080 |a 913(437.6)  |2 2011 
080 |a 913(437.613)  |2 2011 
110 2 |a SHOCart (Zádveřice-Raková, Česko)  |4 aut  |9 331128 
245 1 0 |a Horehronie ; Okolie Žiliny  |h kartografický dokument  |c SHOCart 
255 |a Mierka neuvedená 
264 1 |a [Zádveřice-Raková]  |b SHOCart  |c [2021] 
300 |a 2 mapy na 1 liste  |b farebné  |c 48 x 43 cm a 43 x 60 cm, na liste 43 x 60 cm, zložené na 22 x 12 cm 
336 |a kartografický obraz  |b cri  |2 rdacontent 
337 |a bez média  |b n  |2 rdamedia 
338 |a list  |b nb  |2 rdacarrier 
500 |a Príloha časopisu Biker 
500 |a Nad názvom: Mapy zadarmo 
500 |a Vydavateľské údaje z externých zdrojov 
500 |a Popis cyklotrás s výškovými profilmi, stručný vlastivedný text 
650 0 7 |a cykloturistika  |2 SNKPH  |9 3264 
655 7 |a cykloturistické mapy  |2 SNKPH  |9 70791 
772 0 |t Biker  |x 1337-981X 
999 |c 874009  |d 875939 
952 |a SNK  |b SNK  |y NEVYP  |7 1  |p 17A1519105  |o snkSLCm 3623  |i snk2023/3385  |8 0  |0 0  |1 0  |4 0  |d 2023-02-27  |l 0  |r 2026-02-24 05:53:05  |w 2026-02-24